| 000 -LEADER |
| fixed length control field |
01329cam a2200373 a 4500 |
| 001 - CONTROL NUMBER |
| control field |
14254849 |
| 003 - CONTROL NUMBER IDENTIFIER |
| control field |
NUST |
| 005 - DATE AND TIME OF LATEST TRANSACTION |
| control field |
20230413101014.0 |
| 008 - FIXED-LENGTH DATA ELEMENTS--GENERAL INFORMATION |
| fixed length control field |
060206s2007 nyua b 001 0 eng |
| 010 ## - LIBRARY OF CONGRESS CONTROL NUMBER |
| LC control number |
2006003292 |
| 020 ## - INTERNATIONAL STANDARD BOOK NUMBER |
| International Standard Book Number |
0415357969 (hb : alk. paper) |
| 020 ## - INTERNATIONAL STANDARD BOOK NUMBER |
| International Standard Book Number |
0415357977 (pb : alk. paper) |
| 040 ## - CATALOGING SOURCE |
| Original cataloging agency |
DLC |
| Transcribing agency |
DLC |
| Modifying agency |
DLC |
| 042 ## - AUTHENTICATION CODE |
| Authentication code |
pcc |
| 043 ## - GEOGRAPHIC AREA CODE |
| Geographic area code |
d------ |
| 050 00 - LIBRARY OF CONGRESS CALL NUMBER |
| Classification number |
HT361 |
| Item number |
.J46 2006 |
| 082 00 - DEWEY DECIMAL CLASSIFICATION NUMBER |
| Classification number |
307.76 |
| Edition number |
22 |
| Author Mark |
JEN |
| 100 1# - MAIN ENTRY--PERSONAL NAME |
| Personal name |
Jenkins, Paul, |
| Dates associated with a name |
1953- |
| 9 (RLIN) |
32054 |
| 245 10 - TITLE STATEMENT |
| Title |
Planning and housing in the rapidly urbanising world / |
| Statement of responsibility, etc. |
Paul Jenkins, Harry Smith, and Ya Ping Wang. |
| 260 ## - PUBLICATION, DISTRIBUTION, ETC. |
| Place of publication, distribution, etc. |
New York : |
| Name of publisher, distributor, etc. |
Routledge, |
| Date of publication, distribution, etc. |
2007. |
| 300 ## - PHYSICAL DESCRIPTION |
| Extent |
xv, 368 p. : |
| Other physical details |
ill. ; |
| Dimensions |
24 cm. |
| 440 #0 - SERIES STATEMENT/ADDED ENTRY--TITLE |
| Title |
Housing, planning, and design series |
| 9 (RLIN) |
111875 |
| 504 ## - BIBLIOGRAPHY, ETC. NOTE |
| Bibliography, etc. note |
Includes bibliographical references (p. [342]-360) and index. |
| 650 #0 - SUBJECT ADDED ENTRY--TOPICAL TERM |
| Topical term or geographic name entry element |
Urbanization. |
| 650 #0 - SUBJECT ADDED ENTRY--TOPICAL TERM |
| Topical term or geographic name entry element |
Community development, Urban. |
| 9 (RLIN) |
24448 |
| 650 #0 - SUBJECT ADDED ENTRY--TOPICAL TERM |
| Topical term or geographic name entry element |
City planning. |
| 650 #0 - SUBJECT ADDED ENTRY--TOPICAL TERM |
| Topical term or geographic name entry element |
Housing. |
| 9 (RLIN) |
32423 |
| 650 #0 - SUBJECT ADDED ENTRY--TOPICAL TERM |
| Topical term or geographic name entry element |
Urban policy |
| Geographic subdivision |
Developing countries |
| Form subdivision |
Case studies. |
| 9 (RLIN) |
111876 |
| 700 1# - ADDED ENTRY--PERSONAL NAME |
| Personal name |
Smith, Harry, |
| Dates associated with a name |
1963- |
| 9 (RLIN) |
111877 |
| 700 1# - ADDED ENTRY--PERSONAL NAME |
| Personal name |
Wang, Ya Ping, |
| Dates associated with a name |
1957- |
| 9 (RLIN) |
111878 |
| 906 ## - LOCAL DATA ELEMENT F, LDF (RLIN) |
| a |
7 |
| b |
cbc |
| c |
orignew |
| d |
1 |
| e |
ecip |
| f |
20 |
| g |
y-gencatlg |
| 942 ## - ADDED ENTRY ELEMENTS (KOHA) |
| Source of classification or shelving scheme |
|
| Koha item type |
Book |